| 000 | 00808nam a2200265 a 4500 | ||
|---|---|---|---|
| 001 | 25840 | ||
| 003 | CO-ViMGA | ||
| 008 | 141112s2004 ck r 000 u spa d | ||
| 020 | _a9584233196 | ||
| 040 |
_aCO-ViMGA _bspa _cCO-ViMGA |
||
| 041 | _aSPA | ||
| 082 | 0 | 4 | _a079.861 C17p4 |
| 100 | 1 |
_aCastro Caycedo, Germán, 1940 - _940164 |
|
| 245 | 1 | 0 |
_aPerdido en el Amazonas / _cGermán Castro Caycedo |
| 250 | _a1a ed. | ||
| 260 |
_aBogotá : _bPlaneta, _c2013 |
||
| 300 | _ap. : il., fot. byn. | ||
| 490 | _aGrandes éxitos | ||
| 650 | 1 | 4 |
_aINDIGENAS DE COLOMBIA - AMAZONAS (COLOMBIA) _940165 |
| 650 | 1 | 4 | _aPERIODISMO - COLOMBIA |
| 650 | 1 | 4 |
_aPERIODISTAS COLOMBIANOS _940166 |
| 650 | 1 | 4 |
_aREPORTAJES - COLOMBIA _919936 |
| 651 |
_aAMAZONAS (REGION, COLOMBIA) - DESCRIPCION _940167 |
||
| 942 |
_2ddc _cBK |
||
| 999 |
_c5405 _d5405 |
||